[Event "Oberliga Wuerttemberg 9900"]
[Site "Wuerttemberg"]
[Date "2000.01.16"]
[Round "?"]
[White "Bauer, Peter"]
[Black "Hoensch, Matthias"]
[Result "0-1"]
[WhiteElo "2239"]
[BlackElo "2311"]
[PlyCount "142"]
[EventDate "1999.??.??"]
[EventType "team"]
[EventRounds "9"]
[EventCountry "GER"]
[SourceTitle "EXT 2005"]
[Source "ChessBase"]
[SourceDate "2004.11.15"]
[SourceVersion "1"]
[SourceVersionDate "2004.11.15"]
[SourceQuality "1"]

1. e4 e6 2. d4 d5 3. Nc3 Nf6 4. e5 Nfd7 5. f4 c5 6. Nf3 Nc6 7. Be3 a6 8. Qd2 b5 9. dxc5 Bxc5 10. Bxc5 Nxc5 11. 0-0-0 Qb6 12. Bd3 b4 13. Ne2 b3 14. a3 a5 15. Ned4 Ba6 16. Bxa6 bxc2 17. Qxc2 Nxd4 18. Nxd4 Qxa6 19. Kb1 Rc8 20. Rc1 0-0 21. Rhd1 g6 22. g3 h5 23. Qe2 Qxe2 24. Nxe2 Ne4 25. Rd4 Rxc1+ 26. Nxc1 Rb8 27. Ka2 Nc5 28. Rd2 a4 29. Rc2 Rb5 30. Ne2 Nd3 31. Nc3 Rc5 32. Kb1 Rc4 33. Nb5 Re4 34. Rc8+ Kg7 35. Kc2 Ne1+ 36. Kc3 Nf3 37. Nd6 Re1 38. Kb4 g5 39. Rc7 gxf4 40. gxf4 Nxh2 41. Rxf7+ Kg8 42. Rf6 Nf3 43. Rxe6 h4 44. Rh6 Re2 45. Kc5 d4 46. Kc4 Rxb2 47. e6 Rc2+ 48. Kd3 Rc3+ 49. Ke2 Re3+ 50. Kf2 Ne1 51. f5 Nd3+ 52. Kf1 h3 53. Kg1 Nf4 54. Rh4 Re1+ 55. Kf2 Nd3+ 56. Kg3 Re3+ 57. Kh2 Ne5 58. Rxh3 Ng4+ 59. Kg2 Rxh3 60. Kxh3 d3 61. Ne4 Ne5 62. f6 Nc4 63. e7 Kf7 64. Ng5+ Ke8 65. Ne6 Nd6 66. Nc7+ Kf7 67. Nd5 d2 68. Nc3 Nb5 69. Nd1 Nxa3 70. Kg3 Nc4 71. Kf3 a3 0-1